| 000 | 00494nam a2200169 i 4500 | ||
|---|---|---|---|
| 001 | 74278 | ||
| 003 | ES-MaACL | ||
| 005 | 20230906172056.0 | ||
| 007 | t| | ||
| 008 | 040916s1971 sp ||||1| spa d | ||
| 100 | 1 |
_aGonzález Pérez, Jesús. _958870 |
|
| 245 | 1 | 0 |
_aComentarios a la Ley de Orden Público / _cJesús González Pérez. |
| 260 |
_aMadrid : _bAbella, _c1971. |
||
| 300 |
_a456 p. ; _c21 cm. |
||
| 650 | 4 |
_aOrden público- _zEspaña. _9154412 |
|
| 852 |
_aES-MaACL _jE-7750 _bR.92057 |
||
| 999 |
_c74278 _d74278 |
||